000 005510000a22001810004500
003 MACL
005 20151213130142.0
008 151213b xxu||||| |||| 00| 0 eng d
040 _aMACL
_cMACL
041 _aHindi
082 _a741.642
100 _aडॉ शिवगोपाल मिश्र
_920197
245 _aदैनिक जीवन में रसायन
260 _bसुबोघ पब्लिकेशन्‍स
_c1998
350 _a50
650 _aचिल्‍डन बुक
_9314
942 _cHIN
_k741,642
_2ddc
999 _c9577
_d9577